Sports Quiz

Random Sports or Basketball Quiz
Score 0/114 Timer 20:00
3 Plays Today
# College % Correct
13Duke
96.8%
12North Carolina
95.8%
14UCLA
91.7%
13Kentucky
91.6%
9Florida
90.6%
10Texas
90.4%
3Michigan
89.6%
12Kansas
89%
6Michigan State
86.1%
7Ohio State
84.9%
5USC
82.3%
10Arizona
81.8%
4Florida State
80.9%
5Washington
80.9%
3Oklahoma
80.3%
2Oregon
79.5%
11Connecticut
79.2%
7Syracuse
78.6%
3Indiana
78%
2Miami (FL)
76.3%
4Alabama
76.1%
7LSU
76%
1Virginia
74.2%
3Illinois
73.7%
4California
73.2%
2Arizona State
73.2%
7Georgia Tech
72.4%
1Wisconsin
72.4%
3Kansas State
71.5%
4Oklahoma State
70.9%
4Georgetown
70.5%
1Tennessee
70.4%
1Texas Tech
69.8%
1Iowa
69.3%
2NC State
68.7%
4Maryland
68.4%
8Wake Forest
67.7%
2Minnesota
66.8%
# College % Correct
1South Carolina
66.3%
2Utah
66.2%
3Arkansas
65.5%
1Mississippi
65.4%
6Stanford
64.9%
7Memphis
64.9%
3Pittsburgh
64.6%
1Colorado
64.3%
4Louisville
62.6%
2Boston College
62.3%
4Villanova
61.1%
2Gonzaga
60.9%
2West Virginia
60.8%
3Missouri
60.4%
4UNLV
60.3%
3Notre Dame
59.6%
4Marquette
59.1%
3Texas A&M
58%
3Purdue
57.7%
2New Mexico
57.2%
1Iowa State
57.1%
1St. John's
56.8%
1Auburn
54.7%
1Butler
53.7%
1Baylor
53.4%
1Harvard
53%
1Clemson
52.7%
4Nevada
48.7%
2Massachusetts
48.5%
1Rutgers
47.1%
3Cincinnati
46.9%
1TCU
42.4%
4Xavier
41.8%
1Colorado State
41.2%
3DePaul
39.9%
1Wyoming
39%
1Rhode Island
38.6%
2South Florida
38.2%
# College % Correct
1Hawaii
38%
2St. Joseph's
37.9%
1Providence
37.5%
1Davidson
35.4%
1Seton Hall
32.8%
1UTEP
31.3%
1Central Florida
31%
2Creighton
29.4%
2VCU
27.9%
1St. Mary's
25.9%
1George Washington
24.7%
1SMU
24.6%
2Western Kentucky
23.9%
1Tulsa
23.5%
1Santa Clara
22.9%
3Fresno State
22.2%
1Marshall
20.5%
1Central Michigan
20.2%
1Detroit
18.3%
1Eastern Michigan
18%
1Louisiana Tech
17.8%
2Florida International
15.4%
1Portland
15.3%
1IUPUI
13.4%
1Bradley
13.3%
1La Salle
12.9%
2Northeastern
11.2%
1Texas State
10.8%
1Eastern Washington
8.5%
1Arkansas-Little Rock
8.1%
1Rider
7%
1VMI
6.9%
1Virginia Union
5.6%
1Towson
5.6%
1Western Carolina
5%
1Tennessee-Martin
3%
1Utah Valley
2.4%
1Augusta State
1.5%
Remove Ads.
Support Sporcle.
Get the best of Sporcle when you Go Orange. This ad-free experience offers more features, more stats, and more fun while also helping to support Sporcle. Thank you for becoming a member.

You're not logged in!

Compare scores with friends on all Sporcle quizzes.
OR
Log In

Sporcle TV

Today on Sporcle TV


Watch our educational content, quiz creation guides, and fun videos on Sporcle TV.

Show Comments

Extras

Top Quizzes Today


Score Distribution

Paid Content

Your Account Isn't Verified!

In order to create a playlist on Sporcle, you need to verify the email address you used during registration. Go to your Sporcle Settings to finish the process.

Report this User

Report this user for behavior that violates our Community Guidelines.

Details: